LEADER 01516nam a2200325 i 4500 001 000000158937 003 CaOOAMICUS 005 20070214000000.0 008 070214s1991 it u000 u ita u 013 $a136300 020 $a88-18-88021-7 040 $aSeMil$bita 100 1 $aEickhoff, Ekkehard.$0(OLS)http://semarc/name/41641 240 10$aVenedig, Wien und die Osmanen : Umbruch in Südosteuropa 1645-1700.$0(OLS)http://semarc/title/140656 245 10$aVenezia, Vienna e i turchi :$bbufera nel Sud-Est Europeo 1645-1700 /$cEkkehard Eickhoff ; Con la collaborazione di Rudolf Eickhoff. 260 $aMilano :$bRusconi,$c1991. 300 $a519 p. :$bill. ;$c22 cm. 490 0 $aOrizzonti della storia 500 $aContiene : Appendice ; Bibliografia. - Fondo Card. Giovanni Colombo. 650 4$aEuropa - Storia - Sec. 17.$0(OLS)http://semarc/subject/1050 650 4$aTurchia - Religioni - Storia.$0(OLS)http://semarc/subject/17077 700 1 $aEickhoff, Rudolf.$0(OLS)http://semarc/name/41642 830 0$aOrizzonti della storia.$0(OLS)http://semarc/title/14172 850 $aSeMil 852 $aSeMil$W1$xVenegono$y1$m1M VI 6$j110525$B110525$CSeMilBibl$Z2$F120162 $81 941 1 $a3 961 $aLascito: Colombo Card. Giovanni 996 $6020$a88-18-88021-7$9(OLS)http://semarc/number/74428 996 $6245$aVenezia, Vienna e i turchi :$bbufera nel Sud-Est Europeo 1645-1700$9(OLS)http://semarc/title/140655 996 $6260$aMilano :$bRusconi$9(OLS)http://semarc/publisher/30258 LEADER 01147nam a2200277 i 4500 001 000000168288 003 CaOOAMICUS 005 20080104000000.0 008 080104s1976 it u000 u ita u 013 $a145690 040 $aSeMil$bita 100 1 $aTwain, Mark,$d<1835-1910>.$0(OLS)http://semarc/name/21329 245 13$aIl biglietto da un milione di sterline /$cMark Twain ; traduzione dall'inglese di Edoardo Sylos Labini e Giovanna Mazzotti. 260 $aMilano :$bRusconi,$c1976. 300 $a214 p. ;$c20 cm. 490 0 $aBiblioteca Rusconi ;$v28 500 $aFondo Card. Giovanni Colombo. 700 1 $aMazzotti, Giovanna.$0(OLS)http://semarc/name/63207 700 1 $aSylos Labini, Edoardo.$0(OLS)http://semarc/name/63206 830 0$aBiblioteca Rusconi ;$v28.$0(OLS)http://semarc/title/12460 850 $aSeMil 852 $aSeMil$W1$xVenegono$y1$m1T III 45$j239718$B119375$CSeMilBibl$Z2$F130393 $81 941 1 $a3 961 $aLascito: Colombo Card. Giovanni 996 $6245$aIl biglietto da un milione di sterline$9(OLS)http://semarc/title/240773 996 $6260$aMilano :$bRusconi$9(OLS)http://semarc/publisher/30258 LEADER 01208nam a2200289 i 4500 001 000000176910 003 CaOOAMICUS 005 20190416121531.0 008 090207s2008 it u000 u ita u 013 $a154411 020 $a978-88-420-8754-0 040 $aSeMil$bita 100 1 $aPaganini, Gianni,$d<1950- >.$0(OLS)http://semarc/name/3714 240 14$aLes philosophies clandestines à l'age classique.$0(OLS)http://semarc/title/422784 245 10$aIntroduzione alle filosofie clandestine /$cdi Gianni Paganini. 264 1$aRoma ; Bari :$bLaterza,$c2008. 300 $a181 p. ;$c19 cm. 490 0 $aI filosofi ;$v96 650 4$aFilosofie clandestine.$0(OLS)http://semarc/subject/48346 830 2$aI filosofi ;$v96.$0(OLS)http://semarc/title/6925 850 $aSeMil 852 $aSeMil$W1$xVenegono$y1$m2LA M 96$j262357$B127724$CSeMilBibl$Z2$F138270 $81 961 $aAcquisto: Àncora (Libreria) 996 $6020$a978-88-420-8754-0$9(OLS)http://semarc/number/165617 996 $6245$aIntroduzione alle filosofie clandestine$9(OLS)http://semarc/title/254044 996 $6264$aRoma ; Bari :$bLaterza$9(OLS)http://semarc/publisher/30305 LEADER 01898nam a2200373 i 4500 001 000000336436 003 CaOOAMICUS 005 20250723142414.0 008 190911t2019 it 000 u mul r 020 $a978-88-6894-320-2 040 $aSeMil$bita 245 10$aTime and history in Africa /$cedited by = a cura di Alessandro Bausi, Alberto Camplani, Stephen Emmel. 246 01$aTempo e storia in Africa 264 1$aMilano :$bBiblioteca Ambrosiana :$bCentro Ambrosiano,$c2019. 300 $aXVI, 268 p. ;$c24 cm. 490 1 $aAfricana Ambrosiana ;$v4 490 1 $aAccademia Ambrosiana. Classe di studi africani. Sezioni di Berberistica, Coptologia, Etiopistica, Africa Centro-Occidentale 546 $aTesti in italiano, inglese e francese 650 4$aAfrica - Storia.$0(OLS)http://semarc/subject/2179 650 4$aTempo - Africa.$0(OLS)http://semarc/subject/58312 700 1 $aBausi, Alessandro.$0(OLS)http://semarc/name/10129 700 1 $aCamplani, Alberto.$0(OLS)http://semarc/name/110212 700 1 $aEmmel, Stephen.$0(OLS)http://semarc/name/5761 710 2 $aBiblioteca Ambrosiana : Accademia Ambrosiana.$0(OLS)http://semarc/name/87942 830 0$aAfricana Ambrosiana ;$v4.$0(OLS)http://semarc/title/44443 830 0$aAccademia Ambrosiana. Classe di studi africani.$0(OLS)http://semarc/title/454959 850 $aSeMil 852 $aSeMil$W1$xVenegono$y1$m3TA V 4$j260186$B228180$CSeMilBibl$Z2$F228180 $81 961 $aOmaggio: Biblioteca Ambrosiana 996 $6020$a978-88-6894-320-2$9(OLS)http://semarc/number/288650 996 $6246$aTempo e storia in Africa$9(OLS)http://semarc/title/454966 996 $6245$aTime and history in Africa$9(OLS)http://semarc/title/425702 996 $6264$aMilano :$bBiblioteca Ambrosiana :$bCentro Ambrosiano$9(OLS)http://semarc/publisher/62474